The power of integrity : (Record no. 8659)

MARC details
000 -LEADER
fixed length control field 00962pam a2200265 a 4500
001 - CONTROL NUMBER
control field 2596549
003 - CONTROL NUMBER IDENTIFIER
control field GBCCL
005 - DATE AND TIME OF LATEST TRANSACTION
control field 20241126110655.0
008 - FIXED-LENGTH DATA ELEMENTS--GENERAL INFORMATION
fixed length control field 970220s1997 ilu 001 0 eng
010 ## -
-- 97007861
020 ## - INTERNATIONAL STANDARD BOOK NUMBER
International Standard Book Number 0891079424
040 ## - CATALOGING SOURCE
Original cataloging agency DLC
Transcribing agency DLC
Modifying agency DLC
050 00 -
-- BV4647.I55
-- M33 1997
082 00 - DEWEY DECIMAL CLASSIFICATION NUMBER
Classification number 241.4
Edition information 21
Item number MAC
100 1# - MAIN ENTRY--PERSONAL NAME
Personal name MacArthur, John,
Dates associated with a name 1939-
9 (RLIN) 1165
245 14 - TITLE STATEMENT
Title The power of integrity :
Remainder of title building a life without compromise /
Statement of responsibility, etc. John F. MacArthur, Jr.
260 ## - PUBLICATION, DISTRIBUTION, ETC.
Place of publication, distribution, etc. Wheaton, Ill. :
Name of publisher, distributor, etc. Crossway Books,
Date of publication, distribution, etc. c1997.
300 ## - PHYSICAL DESCRIPTION
Extent xi, 190 p. ;
Dimensions 22 cm.
500 ## - GENERAL NOTE
General note Includes indexes.
650 #0 - SUBJECT ADDED ENTRY--TOPICAL TERM
Topical term or geographic name entry element Integrity
General subdivision Religious aspects
-- Christianity.
9 (RLIN) 15272
856 42 - ELECTRONIC LOCATION AND ACCESS
Materials specified Publisher description
Uniform Resource Identifier <a href="http://www.loc.gov/catdir/enhancements/fy0912/97007861-d.html">http://www.loc.gov/catdir/enhancements/fy0912/97007861-d.html</a>
906 ## - LOCAL DATA ELEMENT F, LDF (RLIN)
a 7
b cbc
c orignew
d 1
e ocip
f 19
g y-gencatlg
942 ## - ADDED ENTRY ELEMENTS (KOHA)
Source of classification or shelving scheme Dewey Decimal Classification
Koha item type Books
Koha issues (borrowed), all copies 3
Holdings
Withdrawn status Lost status Source of classification or shelving scheme Damaged status Not for loan Home library Current Library Shelving location Date acquired Total checkouts Total renewals Full call number Barcode Date last seen Date last checked out Copy number Price effective from Koha item type
    Dewey Decimal Classification     GRACE BIBLE COLLEGE GRACE BIBLE COLLEGE Theology 2021-07-14 3 1 241.4 MAC 020321 2025-05-01 2022-09-09 c.1 2021-07-14 Books
© Grace Bible College Library 2025